Overcompensate lyrics - Twenty One Pilots - Statistics

General Stats
  • This quiz has been taken 9 times
  • The average score is 189 of 288
Answer Stats
Answer % Correct
a
88%
i
88%
in
88%
my
88%
overcompensate
88%
the
88%
to
88%
you
88%
your
88%
am
75%
bend
75%
but
75%
by
75%
dangerous
75%
do
75%
don't
75%
fly
75%
for
75%
i'm
75%
maybe
75%
of
75%
or
75%
symbol
75%
too
75%
acting
63%
Adidas
63%
and
63%
any
63%
catch
63%
Clancy
63%
corazón
63%
days
63%
Dun
63%
eyes
63%
feel
63%
here
63%
hesitate
63%
if
63%
jacket
63%
Josh
63%
just
63%
length
63%
like
63%
longer
63%
need
63%
now
63%
on
63%
perfect
63%
react
63%
right
63%
see
63%
so
63%
soul
63%
time
63%
was
63%
who
63%
asleep
50%
bless
50%
born
50%
can't
50%
ear
50%
earned
50%
em
50%
empty
50%
fall
50%
former
50%
from
50%
front
50%
full
50%
get
50%
gobsmacked
50%
goodness
50%
half
50%
holes
50%
masses
50%
night
50%
originated
50%
overtake
50%
peripheral
50%
sake
50%
same
50%
save
50%
self
50%
short
50%
son
50%
stripes
50%
taxes
50%
them
50%
then
50%
track
50%
way
50%
with
50%
won't
50%
300
38%
alive
38%
bow
38%
boy
38%
classes
38%
curb
38%
dead
38%
kicked
38%
passin
38%
pick
38%
prodigal
38%
said
38%
seem
38%
serve
38%
sleep
38%
tracks
38%
twice
38%
wanted
38%
where
38%
while
38%
years
38%
come
25%
done
25%
running
25%
twitchin
25%
up
25%
No matching quizzes found
Score Distribution
Percent of People with Each Score
Percentile by Number Answered
Your Score History
You have not taken this quiz